000 00211nam a22000977a 4500
082 _a824
_bSRE/E
245 _aESSENTIAL SCHOOL ESSAYS
260 _aMUMBAI
_bSHREE BOOK CENTRE
650 _aESSAY
_zMUMBAI
942 _cBK
999 _c3724
_d3724